000 00479nam a2200157 4500
999 _c5840
_d5840
008 161122b xxu||||| |||| 00| 0 eng d
022 _a9770118389007
082 _aDPer 641.05 F73 Mar-Jul 2013
100 _917756
_aOzaeta, Anne Marie
245 _aEverything's so right at wrong ramen/
_cAnne Marie Ozaeta.
260 _aQuezon City:
_bABS CBN Publishing, Inc.,
_c©2013.
300 _apage 22;
_c30 cm.
500 _aFood.
650 0 _917757
_aFood
942 _2ddc
_cPER